000 00678nam a2200265Ia 4500
005 20260121165612.0
008 008 260114s9999 xx 000 0 eng d
020 _a9783658161125
037 _aEBOOK
040 _aCRL
040 _beng
040 _cCRL
041 _2eng
041 _aeng
084 _qCRL
100 _aRené Andeßner, Dorothea Greiling, Rick Vogel
_91053747
245 0 _aPublic Sector Management in a Globalized World
260 _bSpringer
260 _bSpringer
260 _c2017
856 _uhttps://link.springer.com/openurl?genre=book&isbn=978-3-658-16112-5
942 _cEBOOK
999 _c1619473
_d1619473